Electric machinery and transformers (Record no. 440)

000 -LEADER
fixed length control field 00469nam a2200193 4500
001 - CONTROL NUMBER
control field 440
003 - CONTROL NUMBER IDENTIFIER
control field BD-DhUET
008 - FIXED-LENGTH DATA ELEMENTS--GENERAL INFORMATION
fixed length control field 140721b xxu||||| |||| 00| 0 eng d
020 ## - INTERNATIONAL STANDARD BOOK NUMBER
International Standard Book Number 81203007755
040 ## - CATALOGING SOURCE
Transcribing agency 0
Modifying agency BD-DhUET
082 ## - DEWEY DECIMAL CLASSIFICATION NUMBER
Classification number 623.1042
Item number KOS/1991
100 ## - MAIN ENTRY--PERSONAL NAME
Personal name Kosow, Irving L.
245 ## - TITLE STATEMENT
Title Electric machinery and transformers
250 ## - EDITION STATEMENT
Edition statement 2nd ed.
260 ## - PUBLICATION, DISTRIBUTION, ETC. (IMPRINT)
Place of publication, distribution, etc. New Delhi
Name of publisher, distributor, etc. Prentice-Hall
Date of publication, distribution, etc. 1991
300 ## - PHYSICAL DESCRIPTION
Extent xiv,626p.
650 #0 - SUBJECT ADDED ENTRY--TOPICAL TERM
Topical term or geographic name as entry element Electric machinery
942 ## - ADDED ENTRY ELEMENTS (KOHA)
Koha item type General Book
Holdings
Koha full call number Source of classification or shelving scheme Koha date last borrowed Damaged status Sublocation or collection (holding branch) Date acquired Copy number Lost status Shelving location Koha item type Not for loan Location (home branch) Withdrawn status Koha date last seen Piece designation (barcode) Price effective from Koha normalized classification for sorting Koha issues (times borrowed)
623.1042/KOS/1991   Central Library, BUET2014-07-211 Circulation sectionGeneral Book Central Library, BUET 2014-07-211036802014-07-21623_104200000000000_KOS_1991 
623.1042/KOS/1991   Central Library, BUET2014-07-212 Circulation sectionGeneral Book Central Library, BUET 2016-12-071036812014-07-21623_104200000000000_KOS_1991 
623.1042/KOS/1991 2021-12-05 Central Library, BUET2014-07-213 Circulation sectionGeneral Book Central Library, BUET 2021-12-151036822014-07-21623_104200000000000_KOS_19911
623.1042/KOS/1991   Central Library, BUET2014-07-214 Circulation sectionGeneral Book Central Library, BUET 2014-07-211036832014-07-21623_104200000000000_KOS_1991 
623.1042/KOS/1991   Central Library, BUET2014-07-215 Circulation sectionGeneral Book Central Library, BUET 2014-07-211036842014-07-21623_000000000000000_1042KOS199 
623.1042/KOS/1991   Central Library, BUET2014-07-216 Circulation sectionGeneral Book Central Library, BUET 2014-07-211036852014-07-21623_104200000000000_KOS_1991 
623.1042/KOS/1991   Central Library, BUET2014-07-217 Circulation sectionGeneral Book Central Library, BUET 2014-07-211036862014-07-21623_104200000000000_KOS_1991 
623.1042/KOS/1991   Central Library, BUET2014-07-218 Circulation sectionGeneral Book Central Library, BUET 2016-11-291036882014-07-21623_000000000000000_1042KOS199 
623.1042/KOS/1991   Central Library, BUET2014-07-219 Circulation sectionGeneral Book Central Library, BUET 2017-03-111036892014-07-21623_104200000000000_KOS_1991